[Event "ETCC Open 2023"]
[Site "Budva"]
[Date "2023.11.20"]
[Round "9.63"]
[White "Valkama, Eero"]
[Black "Lenaerts, Lennert"]
[Result "1/2-1/2"]
[WhiteElo "2310"]
[BlackElo "2322"]
[Annotator "RC"]
[PlyCount "117"]
[EventDate "2023.11.10"]
[EventType "team-tourn"]
[EventCountry "MNE"]
[SourceTitle "playchess.com"]
[Source "ChessBase"]
[SourceQuality "1"]
[WhiteTeam "Finland"]
[BlackTeam "Belgium"]
[WhiteTeamCountry "FIN"]
[BlackTeamCountry "BEL"]

1. e4 c5 2. Nf3 e6 3. g3 d5 4. exd5 exd5 5. d4 cxd4 6. Nxd4 Nc6 7. Bg2 Bc5 8. Nxc6 bxc6 9. O-O Nf6 10. Re1+ Be6 11. Be3 Bxe3 12. Rxe3 O-O 13. Nc3 Rb8 14. Na4 Qa5 15. b3 c5 16. Qe1 Qxe1+ 17. Raxe1 Rbc8 18. h3 Rfd8 19. Rd1 Kf8 20. c3 Rd6 21. g4 h6 22. f4 d4 23. Red3 c4 24. Rxd4 Rxd4 25. cxd4 cxb3 26. f5 Bc4 27. axb3 Bxb3 28. Ra1 Rc2 29. Nc5 Ba2 30. Na6 Bd5 31. Bf1 Rd2 32. Nb4 Be4 33. d5 Rd4 34. Nc6 Rxd5 35. Rxa7 Rd1 36. Ne5 Bd5 37. Nd7+ Nxd7 38. Rxd7 Ke8 39. Rc7 Kd8 40. Rc3 Ke7 41. Kf2 Kf6 42. Bc4 Be4 43. Bb3 Rb1 44. Ke3 Bb7 45. Kf4 g5+ 46. fxg6 fxg6 47. h4 Rg1 48. g5+ hxg5+ 49. hxg5+ Rxg5 50. Bc2 Rg2 51. Be4 Bxe4 52. Kxe4 Rf2 53. Rg3 Rf1 54. Ke3 Kf5 55. Rf3+ Rxf3+ 56. Kxf3 g5 57. Kg3 g4 58. Kg2 g3 59. Kxg3 1/2-1/2

[Event "ETCC Open 2023"]
[Site "Budva"]
[Date "2023.11.20"]
[Round "9.64"]
[White "Roos, Adrian"]
[Black "Wartiovaara, Oliver"]
[Result "1/2-1/2"]
[WhiteElo "2240"]
[BlackElo "2270"]
[Annotator "RC"]
[PlyCount "52"]
[EventDate "2023.11.10"]
[EventType "team-tourn"]
[EventCountry "MNE"]
[SourceTitle "playchess.com"]
[Source "ChessBase"]
[SourceQuality "1"]
[WhiteTeam "Belgium"]
[BlackTeam "Finland"]
[WhiteTeamCountry "BEL"]
[BlackTeamCountry "FIN"]

1. d4 Nf6 2. Nf3 e6 3. g3 d5 4. Bg2 Be7 5. O-O O-O 6. c4 a5 7. Nc3 c6 8. Bf4 b6 9. cxd5 cxd5 10. Rc1 Ba6 11. Re1 Nbd7 12. Qa4 Qe8 13. a3 b5 14. Qxa5 b4 15. Nb5 Bxb5 16. Qxb5 bxa3 17. bxa3 Rxa3 18. Rc7 Ne5 19. Qb7 Ng6 20. Rec1 Ra8 21. Ne5 Nxf4 22. gxf4 Rb8 23. Qa6 Ra8 24. Qb7 Rb8 25. Qa6 Ra8 26. Qb7 Rb8 1/2-1/2

[Event "ETCC Open 2023"]
[Site "Budva"]
[Date "2023.11.20"]
[Round "9.65"]
[White "Tomic, Aleksandar"]
[Black "Saraci, Nderim"]
[Result "1/2-1/2"]
[WhiteElo "2411"]
[BlackElo "2466"]
[Annotator "RC"]
[PlyCount "101"]
[EventDate "2023.11.10"]
[EventType "team-tourn"]
[EventCountry "MNE"]
[SourceTitle "playchess.com"]
[Source "ChessBase"]
[SourceQuality "1"]
[WhiteTeam "Montenegro"]
[BlackTeam "Kosovo"]
[WhiteTeamCountry "MNE"]
[BlackTeamCountry "KOS"]

1. d4 Nf6 2. c4 e6 3. Nc3 d5 4. Bg5 Nbd7 5. e3 c6 6. cxd5 exd5 7. Bd3 Be7 8. Qc2 h6 9. Bh4 Nh5 10. Bxe7 Qxe7 11. Nge2 Nb6 12. O-O-O Be6 13. h3 O-O-O 14. Kb1 Kb8 15. Rc1 Rc8 16. Ka1 Nf6 17. g4 g6 18. Na4 Nxa4 19. Qxa4 Rc7 20. Nc3 Nd7 21. Qc2 Nb6 22. f3 Rcc8 23. h4 Qd6 24. Qf2 Rhd8 25. g5 hxg5 26. hxg5 a6 27. Ne2 Rc7 28. Nf4 Bc8 29. Ne2 Nd7 30. Bb1 Nf8 31. Rh8 Re7 32. Nf4 Rde8 33. Re1 Ne6 34. Rxe8 Rxe8 35. Nxe6 Bxe6 36. Rh1 Bc8 37. a3 Qe7 38. Qg3+ Ka7 39. e4 Be6 40. e5 Ka8 41. Rh7 Rg8 42. Qf4 c5 43. Qf6 Qd7 44. Rh8 Rxh8 45. Qxh8+ Ka7 46. dxc5 Qb5 47. Qf8 Qf1 48. Qd6 Bf5 49. Qb6+ Kb8 50. Qd8+ Ka7 51. Qb6+ 1/2-1/2

[Event "ETCC Open 2023"]
[Site "Budva"]
[Date "2023.11.20"]
[Round "9.66"]
[White "Uruci, Endrit"]
[Black "Sukovic, Andrej"]
[Result "1-0"]
[WhiteElo "2315"]
[BlackElo "2382"]
[Annotator "RC"]
[PlyCount "49"]
[EventDate "2023.11.10"]
[EventType "team-tourn"]
[EventCountry "MNE"]
[SourceTitle "playchess.com"]
[Source "ChessBase"]
[SourceQuality "1"]
[WhiteTeam "Kosovo"]
[BlackTeam "Montenegro"]
[WhiteTeamCountry "KOS"]
[BlackTeamCountry "MNE"]

1. d4 Nf6 2. Bg5 g6 3. Bxf6 exf6 4. e3 d5 5. Nd2 Bd6 6. g3 h5 7. Bg2 c6 8. Ne2 h4 9. c4 dxc4 10. Nxc4 Bb4+ 11. Nc3 Nd7 12. Qb3 Bxc3+ 13. Qxc3 Nb6 14. e4 Nxc4 15. Qxc4 f5 16. d5 cxd5 17. exd5 Qe7+ 18. Kf1 O-O 19. Qxh4 Qe5 20. Qb4 b6 21. Re1 Ba6+ 22. Kg1 Qf6 23. Bf3 Rac8 24. Qa4 Bd3 25. Qb3 1-0

[Event "ETCC Open 2023"]
[Site "Budva"]
[Date "2023.11.20"]
[Round "9.68"]
[White "Saraci, Korab"]
[Black "Pobor, Milo"]
[Result "1-0"]
[WhiteElo "2200"]
[BlackElo "2195"]
[Annotator "RC"]
[PlyCount "61"]
[EventDate "2023.11.10"]
[EventType "team-tourn"]
[EventCountry "MNE"]
[SourceTitle "playchess.com"]
[Source "ChessBase"]
[SourceQuality "1"]
[WhiteTeam "Kosovo"]
[BlackTeam "Montenegro"]
[WhiteTeamCountry "KOS"]
[BlackTeamCountry "MNE"]

1. e4 c5 2. c3 d5 3. exd5 Qxd5 4. d4 Nf6 5. Nf3 e6 6. Bd3 cxd4 7. cxd4 Be7 8. Nc3 Qd6 9. O-O O-O 10. Ne5 a6 11. Bf4 Qb6 12. Rc1 Bd7 13. Re1 Rd8 14. Nc4 Qc6 15. d5 exd5 16. Ne5 Qb6 17. Nxd7 Rxd7 18. Bf5 Bc5 19. Na4 Bxf2+ 20. Kf1 Qb5+ 21. Bd3 Qa5 22. Rc8+ Rd8 23. b4 Rxc8 24. bxa5 Bxe1 25. Nb6 Bxa5 26. Nxc8 Nc6 27. Nd6 Bc7 28. Bg3 g6 29. Qf3 Kg7 30. Nf5+ gxf5 31. Bxc7 1-0

[Event "ETCC Open 2023"]
[Site "Budva"]
[Date "2023.11.20"]
[Round "9.69"]
[White "Muir, Andrew J"]
[Black "Krivokapic, Marko"]
[Result "0-1"]
[WhiteElo "2227"]
[BlackElo "2386"]
[Annotator "RC"]
[PlyCount "102"]
[EventDate "2023.11.10"]
[EventType "team-tourn"]
[EventCountry "MNE"]
[SourceTitle "playchess.com"]
[Source "ChessBase"]
[SourceQuality "1"]
[WhiteTeam "Scotland"]
[BlackTeam "Montenegro"]
[WhiteTeamCountry "SCO"]
[BlackTeamCountry "MNE"]

1. d4 d5 2. c4 dxc4 3. Nf3 Nf6 4. e3 e6 5. Bxc4 a6 6. O-O c5 7. Bb3 Nc6 8. Qe2 cxd4 9. Rd1 Be7 10. exd4 O-O 11. Nc3 Na5 12. Bc2 b5 13. Bg5 Bb7 14. Ne5 Rc8 15. Rac1 Nc4 16. Bb3 Nb6 17. Nxf7 Rxf7 18. Qxe6 Nc4 19. a4 Nd5 20. Bxe7 Qxe7 21. Qxe7 Rxe7 22. axb5 Nxc3 23. bxc3 axb5 24. h3 Bd5 25. Ra1 Ne3 26. Rdb1 Nc4 27. Bc2 Nd6 28. Ra6 Re6 29. Ra3 Rc7 30. Bd3 Bc4 31. Ra8+ Re8 32. Bxc4+ bxc4 33. Rxe8+ Nxe8 34. f3 Nf6 35. Rb5 Kf7 36. g4 Ke6 37. Rb6+ Ke7 38. Rb5 Kd6 39. Rb6+ Rc6 40. Rb7 Nd7 41. Kf2 Rb6 42. Rxb6+ Nxb6 43. Ke3 Nd5+ 44. Kd2 g5 45. Kc2 Nf4 46. Kd2 Nxh3 47. Ke3 Kd5 48. Ke2 Nf4+ 49. Ke3 Ne6 50. Kd2 Nxd4 51. cxd4 Kxd4 0-1

[Event "ETCC Open 2023"]
[Site "Budva"]
[Date "2023.11.20"]
[Round "9.70"]
[White "Draganic, Veljko"]
[Black "Morrison, Graham"]
[Result "1-0"]
[WhiteElo "2294"]
[BlackElo "2221"]
[Annotator "RC"]
[PlyCount "135"]
[EventDate "2023.11.10"]
[EventType "team-tourn"]
[EventCountry "MNE"]
[SourceTitle "playchess.com"]
[Source "ChessBase"]
[SourceQuality "1"]
[WhiteTeam "Montenegro"]
[BlackTeam "Scotland"]
[WhiteTeamCountry "MNE"]
[BlackTeamCountry "SCO"]

1. Nf3 Nf6 2. d4 e6 3. c4 b6 4. Nc3 Bb7 5. Bg5 h6 6. Bh4 Be7 7. e3 O-O 8. Be2 Ne4 9. Bxe7 Qxe7 10. Nxe4 Bxe4 11. O-O c5 12. dxc5 bxc5 13. Qa4 d6 14. Rfd1 Nd7 15. Qa5 Nf6 16. Rd2 Rab8 17. b3 Rb6 18. Ne1 Rfb8 19. f3 Ba8 20. Nd3 e5 21. Nf2 g5 22. e4 Kh7 23. g4 Ne8 24. Nd1 Ng7 25. Ne3 h5 26. h3 a6 27. Qc3 Ne6 28. Nf5 Qf8 29. Rad1 Nd4 30. Qe3 Nxf5 31. gxf5 Qh6 32. h4 gxh4 33. Qxh6+ Kxh6 34. Rxd6+ Kg5 35. Kf2 h3 36. Rxb6 Rxb6 37. Rh1 a5 38. Rxh3 a4 39. Bd1 axb3 40. Bxb3 h4 41. Rh1 Rh6 42. Rg1+ Kf6 43. Kg2 Kg5 44. Kf2+ Kf6 45. Rg8 Bc6 46. Kg2 Ke7 47. Kh3 Kf6 48. Rg4 Rh5 49. Rxh4 Kg5 50. Rxh5+ Kxh5 51. Kg3 Kg5 52. a3 Bd7 53. Bd1 Bc6 54. a4 Bd7 55. a5 Bc6 56. a6 Bd7 57. a7 Bc6 58. Ba4 Ba8 59. Be8 Kf6 60. Kg4 Bb7 61. Kh5 Ba8 62. Kh6 Bb7 63. Kh7 Ke7 64. Bb5 Kf6 65. Kg8 Ke7 66. Kg7 f6 67. Ba6 Bc6 68. Bc8 1-0

[Event "ETCC Open 2023"]
[Site "Budva"]
[Date "2023.11.20"]
[Round "9.71"]
[White "Mitchell, Martin"]
[Black "Miletic, Vuk"]
[Result "1/2-1/2"]
[WhiteElo "2186"]
[BlackElo "2190"]
[Annotator "RC"]
[PlyCount "60"]
[EventDate "2023.11.10"]
[EventType "team-tourn"]
[EventCountry "MNE"]
[SourceTitle "playchess.com"]
[Source "ChessBase"]
[SourceQuality "1"]
[WhiteTeam "Scotland"]
[BlackTeam "Montenegro"]
[WhiteTeamCountry "SCO"]
[BlackTeamCountry "MNE"]

1. d4 d5 2. Nf3 e6 3. Bf4 Nf6 4. e3 c5 5. Nbd2 Nc6 6. c3 cxd4 7. exd4 Nh5 8. Be3 Bd6 9. Bd3 Nf4 10. Bxf4 Bxf4 11. O-O O-O 12. Re1 Qc7 13. g3 Bd6 14. Rc1 Rd8 15. Qe2 f6 16. c4 Qf7 17. c5 Bc7 18. a3 h6 19. b4 a6 20. Bb1 g5 21. h4 g4 22. Nh2 h5 23. Qe3 Qg7 24. Qd3 Ne7 25. Nhf1 e5 26. f3 gxf3 27. Qxf3 Bg4 28. Qg2 e4 29. Nxe4 dxe4 30. Qxe4 Nf5 1/2-1/2

[Event "ETCC Open 2023"]
[Site "Budva"]
[Date "2023.11.20"]
[Round "9.73"]
[White "Nielsen, Hogni Egilstoft"]
[Black "Pasko, Llambi"]
[Result "0-1"]
[WhiteElo "2387"]
[BlackElo "2395"]
[Annotator "RC"]
[PlyCount "144"]
[EventDate "2023.11.10"]
[EventType "team-tourn"]
[EventCountry "MNE"]
[SourceTitle "playchess.com"]
[Source "ChessBase"]
[SourceQuality "1"]
[WhiteTeam "Faroe Islands"]
[BlackTeam "Albania"]
[WhiteTeamCountry "FAI"]
[BlackTeamCountry "ALB"]

1. e4 e5 2. Bc4 Nc6 3. Nc3 Bc5 4. d3 Nf6 5. Nf3 a6 6. Be3 Bxe3 7. fxe3 d6 8. O-O Na5 9. Bb3 Nxb3 10. axb3 O-O 11. Qe1 c6 12. h3 h6 13. Nh4 Kh7 14. Rf3 Be6 15. d4 d5 16. exd5 Nxd5 17. dxe5 Nb4 18. Qf2 Qc7 19. Rf4 c5 20. Nf3 Nc6 21. Ne4 Nxe5 22. Nfg5+ Kg8 23. Nxe6 fxe6 24. Qg3 Rxf4 25. exf4 Nd7 26. Rd1 Rf8 27. Rd6 Nf6 28. Rxe6 Nh5 29. Qg4 Nxf4 30. Nf6+ Kh8 31. Re8 Rxe8 32. Nxe8 Qe5 33. Nxg7 Qe3+ 34. Kf1 Qc1+ 35. Kf2 Qxc2+ 36. Kf3 Ng6 37. Qc8+ Kxg7 38. Qxb7+ Kf8 39. Qa8+ Ke7 40. Qb7+ Kf6 41. Qb6+ Kf7 42. Kg3 Qxb2 43. Qc7+ Ne7 44. Qxc5 Qxb3+ 45. Kh2 Qd5 46. Qf2+ Ke6 47. Kh1 Qd1+ 48. Kh2 Qd6+ 49. Kh1 Nd5 50. Qe2+ Kd7 51. Qd3 Qe6 52. Qd4 Kc6 53. Qc4+ Kb7 54. Qb3+ Ka7 55. Qc4 Qe1+ 56. Kh2 Qe5+ 57. Kh1 Nc7 58. Qh4 h5 59. Qf2+ Kb7 60. Qf3+ Qd5 61. Qf1 a5 62. Qb1+ Ka6 63. Qf1+ Nb5 64. Qf6+ Nd6 65. Qf1+ Nc4 66. Qf6+ Kb5 67. Qf1 a4 68. Qb1+ Ka6 69. Qc2 Qb5 70. Qg6+ Ka5 71. Qf6 a3 72. Qc3+ Ka4 0-1

[Event "ETCC Open 2023"]
[Site "Budva"]
[Date "2023.11.20"]
[Round "9.74"]
[White "Mehmeti, Dritan"]
[Black "Poulsen, Martin"]
[Result "1-0"]
[WhiteElo "2377"]
[BlackElo "2291"]
[Annotator "RC"]
[PlyCount "67"]
[EventDate "2023.11.10"]
[EventType "team-tourn"]
[EventCountry "MNE"]
[SourceTitle "playchess.com"]
[Source "ChessBase"]
[SourceQuality "1"]
[WhiteTeam "Albania"]
[BlackTeam "Faroe Islands"]
[WhiteTeamCountry "ALB"]
[BlackTeamCountry "FAI"]

1. d4 f5 2. Bg5 h6 3. Bh4 g5 4. e3 Nf6 5. Bg3 Bg7 6. Nc3 d6 7. h4 g4 8. Nge2 Nh5 9. Nf4 Nxf4 10. Bxf4 e5 11. dxe5 dxe5 12. Qxd8+ Kxd8 13. O-O-O+ Nd7 14. Bg3 c6 15. h5 Ke7 16. f3 gxf3 17. gxf3 Nc5 18. f4 e4 19. Bh4+ Kf7 20. Rg1 Be6 21. Rg6 Rag8 22. Rxe6 Nxe6 23. Rd7+ Ke8 24. Re7+ Kf8 25. Bc4 Bxc3 26. bxc3 Rg1+ 27. Kb2 Nc5 28. Rf7+ Ke8 29. Rc7 Na4+ 30. Ka3 Nb6 31. Be6 Rhg8 32. Rxb7 R8g2 33. Rb8+ Nc8 34. Rxc8# 1-0

[Event "ETCC Open 2023"]
[Site "Budva"]
[Date "2023.11.20"]
[Round "9.75"]
[White "Egilstoft, Rogvi"]
[Black "Ashiku, Franc"]
[Result "0-1"]
[WhiteElo "2254"]
[BlackElo "2396"]
[Annotator "RC"]
[PlyCount "126"]
[EventDate "2023.11.10"]
[EventType "team-tourn"]
[EventCountry "MNE"]
[SourceTitle "playchess.com"]
[Source "ChessBase"]
[SourceQuality "1"]
[WhiteTeam "Faroe Islands"]
[BlackTeam "Albania"]
[WhiteTeamCountry "FAI"]
[BlackTeamCountry "ALB"]

1. e4 c5 2. c3 d5 3. exd5 Qxd5 4. d4 Nc6 5. Nf3 Bf5 6. Be3 Nf6 7. Na3 cxd4 8. Nb5 Qd8 9. Nbxd4 Nxd4 10. Bxd4 a6 11. Qb3 Qc8 12. Bc4 e6 13. Bxf6 gxf6 14. Nd4 Bg6 15. O-O e5 16. Nf3 Bc5 17. Rae1 O-O 18. Nh4 Kg7 19. Nxg6 hxg6 20. Rd1 b5 21. Bd5 Rb8 22. Rd3 f5 23. Rh3 Qc7 24. Qc2 e4 25. Kh1 Qe5 26. Bb3 f4 27. Rd1 Rbd8 28. Re1 f5 29. a4 e3 30. axb5 exf2 31. Qxf2 Bxf2 32. Rxe5 Rfe8 33. Rxe8 Rxe8 34. g4 fxg4 35. Rd3 Re1+ 36. Kg2 Bc5 37. Rd1 f3+ 38. Kg3 f2 39. Rd7+ Kh6 40. Bc4 Rg1+ 41. Kf4 f1=Q+ 42. Bxf1 Rxf1+ 43. Kxg4 axb5 44. Rd5 Be7 45. Rxb5 Bd6 46. h4 Rf4+ 47. Kh3 Be7 48. Kg3 Rxh4 49. Rb7 Bg5 50. b3 Re4 51. c4 Re3+ 52. Kg4 Rc3 53. Rb8 Be7 54. Rb6 Bc5 55. Rc6 Bb4 56. Rb6 Rxb3 57. c5 Rb1 58. c6 Rg1+ 59. Kf3 Bd6 60. Ke4 Rc1 61. Kd5 Bf4 62. Ke4 Kg5 63. Rb2 Kg4 0-1

[Event "ETCC Open 2023"]
[Site "Budva"]
[Date "2023.11.20"]
[Round "9.76"]
[White "Veleshnja, Zino"]
[Black "Rodgaard, John"]
[Result "1/2-1/2"]
[WhiteElo "2269"]
[BlackElo "2281"]
[Annotator "RC"]
[PlyCount "60"]
[EventDate "2023.11.10"]
[EventType "team-tourn"]
[EventCountry "MNE"]
[SourceTitle "playchess.com"]
[Source "ChessBase"]
[SourceQuality "1"]
[WhiteTeam "Albania"]
[BlackTeam "Faroe Islands"]
[WhiteTeamCountry "ALB"]
[BlackTeamCountry "FAI"]

1. Nf3 d5 2. g3 Nf6 3. Bg2 e6 4. O-O b5 5. d3 Bb7 6. Nbd2 Be7 7. e4 O-O 8. e5 Nfd7 9. Re1 c5 10. Nf1 Nc6 11. h4 Qc7 12. Bf4 Rfc8 13. h5 h6 14. N1h2 b4 15. Ng4 Bf8 16. Qd2 Qd8 17. Ngh2 c4 18. g4 cxd3 19. g5 hxg5 20. Nxg5 Ne7 21. Qxd3 Nf5 22. Bh3 Nc5 23. Qe2 Ne4 24. Qg4 Rxc2 25. Rxe4 dxe4 26. Nxf7 Qd4 27. Be3 Nxe3 28. Nh6+ Kh8 29. Nf7+ Kg8 30. Nh6+ Kh8 1/2-1/2